000 00346nam a22001217a 4500
008 160513b xxu||||| |||| 00| 0 eng d
020 _a9780071448703
020 _a9780071448705
041 _aeng
080 _a611
245 _aFirst aid pediatrics clerkship:
_cLatha G. Stead S.Matthew stead ; Matthew S.Kaufman;Jason H.Homme;
942 _2udc
_cBK
999 _c2144
_d2144